Rammstein most popular MVs - Statistics

General Stats
  • This quiz has been taken 51 times
    11 since last reset
  • The average score is 9 of 10
Answer Stats
Views MV % Correct
400 M Deutschland
100%
624 M Du Hast
100%
375 M Ich Will
100%
188 M Mein Herz Brennt
100%
270 M Sonne
100%
182 M Engel
89%
215 M Amerika
78%
225 M Feuer Frei!
78%
187 M Ich Tu Dir Weh
78%
211 M Keine Lust
78%
No matching quizzes found
Score Distribution
Percent of People with Each Score
Percentile by Number Answered
Your Score History
You have not taken this quiz since the last reset